América en diásporas: esclavitudes y migraciones forzadas en Chile y otras regiones americanas (siglos XVI-XIX)
Uloženo v:
| Hlavní autor: | |
|---|---|
| Médium: | Kniha |
| Jazyk: | španělština |
| Vydáno: |
Santiago, Chile
Ril
2017
|
| Vydání: | Primera edición |
| Témata: | |
| Tagy: |
Přidat tag
Žádné tagy, Buďte první, kdo vytvoří štítek k tomuto záznamu!
|
MARC
| LEADER | 00000cam a2200000 a 4500 | ||
|---|---|---|---|
| 001 | UCD8636 | ||
| 003 | CL-VaPUC | ||
| 005 | 20241018110726.0 | ||
| 008 | 170519e20170000cl |||||||||||||||||spa|d | ||
| 999 | |c 367990 |d 367988 | ||
| 020 | |a 9789560103208 | ||
| 040 | |c Pontificia Universidad Católica de Valparaíso | ||
| 082 | 0 | 4 | |a 325.283 VAL 2017 |2 21 |
| 100 | 0 | |a Valenzuela Márquez, Jaime |e author |9 592139 | |
| 245 | 1 | 0 | |a América en diásporas: |b esclavitudes y migraciones forzadas en Chile y otras regiones americanas (siglos XVI-XIX) |
| 250 | |a Primera edición | ||
| 260 | |a Santiago, Chile |b Ril |c 2017 | ||
| 300 | |a 542 páginas | ||
| 583 | |a last modification |c 20170519 15:42:00 |k Rodrigo Vera | ||
| 650 | 0 | |a Esclavitud |z CHILE |9 323605 | |
| 650 | 0 | |a Migración |9 331531 | |
| 650 | 0 | |a Historia de Chile siglo 16 |y SIGLO 16 |9 368844 | |
| 650 | 0 | |a Historia de Chile |y SIGLO 19 |9 322385 | |
| 852 | |a BIBCUR | ||
| 942 | |c BK |2 ddc | ||
| 945 | |d 20170519 15:42:00 |a dcastane | ||
| 952 | |0 0 |1 0 |2 ddc |3 erb |4 0 |6 325_283000000000000_VAL_2017 |7 0 |8 A |9 483229 |a BIBHIS |b BIBHIS |i 5376599 |o 325.283 VAL 2017 |p 5376599 |r 2025-01-20 |t 1 |w 2019-11-24 |y BK |z Catalogado en:20170519 |k HIS | ||